[Event "Calvi Balagne op 08th"]
[Site "Calvi"]
[Date "2011.04.27"]
[Round "2"]
[White "Obringer, Jean Marc"]
[Black "Van Kampen, Robin"]
[Result "0-1"]
[WhiteElo "2046"]
[BlackElo "2456"]
[PlyCount "90"]
[EventDate "2011.04.26"]
[EventType "swiss"]
[EventRounds "8"]
[EventCountry "FRA"]
[SourceTitle "CBM 142 Extra"]
[Source "ChessBase"]
[SourceDate "2011.06.27"]
[SourceVersion "1"]
[SourceVersionDate "2011.06.27"]
[SourceQuality "1"]

1. d4 Nf6 2. Nf3 c5 3. c4 cxd4 4. Nxd4 e6 5. Nc3 Nc6 6. g3 Qb6 7. e3 a6 8. Bg2 Ne5 9. b3 Qa5 10. Qd2 Be7 11. 0-0 Rb8 12. Rd1 Qc7 13. Bb2 Ng6 14. Ne4 Nxe4 15. Bxe4 b6 16. Ne2 0-0 17. f4 Rd8 18. Qd3 Bb7 19. Rd2 d5 20. cxd5 Bxd5 21. Bxd5 Rxd5 22. Qc3 Qxc3 23. Bxc3 Bc5 24. Kf2 Rxd2 25. Bxd2 Rd8 26. Ke1 Ne7 27. b4 Bd6 28. e4 f6 29. Rc1 Kf7 30. Ng1 e5 31. Nf3 exf4 32. gxf4 Ng6 33. f5 Ne7 34. Ke2 b5 35. h3 Re8 36. Kd3 g6 37. fxg6+ hxg6 38. Rf1 Nc6 39. a3 Ne5+ 40. Nxe5+ Bxe5 41. Bc1 Rd8+ 42. Ke3 Rc8 43. Kd2 Rc4 44. Rf3 Rxe4 45. Kd3 Rc4 0-1

[Event "Vaujany op 1st"]
[Site "Vaujany"]
[Date "2010.07.10"]
[Round "1"]
[White "Guido, Flavio"]
[Black "Obringer, Jean Marc"]
[Result "1-0"]
[WhiteElo "2397"]
[BlackElo "2008"]
[PlyCount "89"]
[EventDate "2010.07.10"]
[EventType "swiss"]
[EventRounds "9"]
[EventCountry "FRA"]
[SourceTitle "CBM 137 Extra"]
[Source "ChessBase"]
[SourceDate "2010.09.01"]
[SourceVersion "1"]
[SourceVersionDate "2010.09.01"]
[SourceQuality "1"]

1. e4 e6 2. d4 d5 3. e5 c5 4. c3 Qb6 5. Nf3 Nc6 6. Be2 cxd4 7. cxd4 Nh6 8. Nc3 Nf5 9. Na4 Qa5+ 10. Bd2 Bb4 11. Bc3 b5 12. a3 Bxc3+ 13. Nxc3 b4 14. axb4 Qxb4 15. Bb5 Bd7 16. Bxc6 Bxc6 17. Qd2 0-0 18. 0-0 Rfb8 19. Rfb1 a5 20. g4 Ne7 21. h4 Bb5 22. h5 Nc6 23. h6 g6 24. Rc1 Bc4 25. Qf4 Qe7 26. Na4 Nb4 27. Rc3 Be2 28. Rc7 Qxc7 29. Qf6 Kf8 30. Ng5 Ke8 31. Nxh7 Qe7 32. Qg7 Kd7 33. Rc1 Nc6 34. Nf6+ Kc7 35. h7 Rf8 36. Rc3 Bb5 37. Nc5 Rh8 38. Ng8 Rxh7 39. Qxh7 Qe8 40. Nf6 Qe7 41. Ng8 Qe8 42. Rf3 Nxd4 43. Rxf7+ Kb6 44. Nf6 Qc8 45. Rb7+ 1-0

[Event "Calvi Balagne op 06th"]
[Site "Calvi"]
[Date "2009.05.02"]
[Round "7"]
[White "Obringer, Jean Marc"]
[Black "Drogou, Gerard"]
[Result "1/2-1/2"]
[WhiteElo "2023"]
[BlackElo "2095"]
[PlyCount "71"]
[EventDate "2009.04.28"]
[EventType "swiss"]
[EventRounds "9"]
[EventCountry "FRA"]
[SourceTitle "CBM 130 Extra"]
[Source "ChessBase"]
[SourceDate "2009.07.02"]
[SourceVersion "2"]
[SourceVersionDate "2009.07.15"]
[SourceQuality "1"]

1. d4 Nf6 2. Nf3 e6 3. c4 d5 4. Nc3 Be7 5. e3 0-0 6. Be2 b6 7. 0-0 Bb7 8. b3 Nbd7 9. Bb2 c5 10. cxd5 Nxd5 11. Rc1 N7f6 12. Na4 Ne4 13. Nd2 Nxd2 14. Qxd2 cxd4 15. Bxd4 Ba3 16. Rcd1 Qg5 17. Bf3 Rfd8 18. Qe2 Rac8 19. Bb2 Bxb2 20. Qxb2 b5 21. e4 bxa4 22. exd5 axb3 23. Qxb3 Bxd5 24. Bxd5 Rxd5 25. Qb7 Rcd8 26. Rxd5 exd5 27. Qxa7 d4 28. Rd1 Qd5 29. h3 g6 30. a4 d3 31. Qe3 d2 32. Kf1 Qc4+ 33. Qe2 Qc2 34. a5 Kf8 35. a6 Qc7 36. a7 1/2-1/2

[Event "FRA-chT U18"]
[Site "France"]
[Date "1996.??.??"]
[Round "6"]
[White "Obringer, Jean Marc"]
[Black "Abergel, Thal"]
[Result "0-1"]
[WhiteElo "1690"]
[BlackElo "2120"]
[PlyCount "22"]
[EventDate "1996.??.??"]
[EventType "team"]
[EventRounds "11"]
[EventCountry "FRA"]
[SourceTitle "EXT 2001"]
[Source "ChessBase"]
[SourceDate "2000.11.22"]
[SourceVersion "1"]
[SourceVersionDate "2000.11.22"]
[SourceQuality "1"]

1. d4 Nf6 2. Nf3 c5 3. c4 e6 4. Bg5 cxd4 5. Nxd4 Bc5 6. Nb3 Bxf2+ 7. Kxf2 Ng4+ 8. Ke1 Qxg5 9. Qc1 Qf5 10. N1d2 Qf2+ 11. Kd1 Ne3# 0-1

[Event "FRA-chT U18"]
[Site "France"]
[Date "1996.??.??"]
[Round "4"]
[White "Obringer, Jean Marc"]
[Black "Desnos, Alexandre"]
[Result "1/2-1/2"]
[WhiteElo "1690"]
[BlackElo "1800"]
[PlyCount "49"]
[EventDate "1996.??.??"]
[EventType "team"]
[EventRounds "11"]
[EventCountry "FRA"]
[SourceTitle "EXT 2001"]
[Source "ChessBase"]
[SourceDate "2000.11.22"]
[SourceVersion "1"]
[SourceVersionDate "2000.11.22"]
[SourceQuality "1"]

1. d4 Nf6 2. Nf3 g6 3. c4 Bg7 4. Nc3 d6 5. e4 0-0 6. Be2 Nfd7 7. 0-0 e5 8. d5 f5 9. Ng5 Nf6 10. Bd3 f4 11. Nf3 Ne8 12. Ne1 Rf6 13. Be2 Rf8 14. Rb1 Nd7 15. b4 Ndf6 16. c5 g5 17. h3 Qe7 18. Nd3 Qf7 19. f3 Qg6 20. Nf2 Nh5 21. Nh1 Qh6 22. Qd2 Nhf6 23. Nf2 Nh5 24. Nh1 Qg6 25. Ba3 1/2-1/2

[Event "FRA-chT U18"]
[Site "France"]
[Date "1996.??.??"]
[Round "2"]
[White "Obringer, Jean Marc"]
[Black "Foucherot, Abraham"]
[Result "0-1"]
[WhiteElo "1690"]
[BlackElo "1860"]
[PlyCount "114"]
[EventDate "1996.??.??"]
[EventType "team"]
[EventRounds "11"]
[EventCountry "FRA"]
[SourceTitle "EXT 2001"]
[Source "ChessBase"]
[SourceDate "2000.11.22"]
[SourceVersion "1"]
[SourceVersionDate "2000.11.22"]
[SourceQuality "1"]

1. d4 d5 2. Nf3 Nf6 3. c4 e6 4. Nc3 Nbd7 5. Bg5 c6 6. e3 Qa5 7. a3 Ne4 8. cxd5 Nxc3 9. Qd2 Bb4 10. dxc6 Nd5 11. cxd7+ Bxd7 12. axb4 Qxa1+ 13. Qd1 Qxb2 14. Be2 Qxb4+ 15. Qd2 Qxd2+ 16. Kxd2 0-0 17. Ne5 Bc8 18. Bh4 a5 19. Ra1 f6 20. Nc4 a4 21. Bd1 b5 22. Nb2 Bd7 23. Bg3 Ra6 24. f3 Rc8 25. e4 Nc3 26. Bc2 b4 27. Nd3 Rb6 28. Nc5 Be8 29. f4 Ra8 30. Bf2 a3 31. Bb3 Ba4 32. Nxa4 Nxa4 33. f5 Nc3 34. Kd3 Rc8 35. fxe6 Rb7 36. Bg3 Nb5 37. Be1 Nd6 38. Bd2 Kf8 39. Be1 Ke7 40. Bd2 Rcb8 41. Be1 Rb6 42. Bd2 Nb7 43. Rb1 Na5 44. Bd5 Rb5 45. Rc1 Rxd5 46. exd5 Rb7 47. Bxb4+ Rxb4 48. Rc7+ Kd8 49. d6 Rb8 50. Rd7+ Kc8 51. Rc7+ Kd8 52. Rd7+ Ke8 53. Re7+ Kf8 54. Rf7+ Kg8 55. Re7 Nc6 56. Rc7 a2 57. d7 Rd8 0-1